| 000 | 00518nam a22001697a 4500 | ||
|---|---|---|---|
| 003 | DO-SdBNP | ||
| 005 | 20220531084021.0 | ||
| 008 | 210820b 2021 dr00| 0 eng d | ||
| 040 |
_aDO-SdBNP _bspa _cBNPHU |
||
| 100 | 1 |
_aHidalgo, Ruddy _979524 |
|
| 245 | 1 | 0 |
_aAtmósfera de gloria : _bel yugo se pudrirá / _cRuddy Hidalgo ; prólogo Alexis Angulo |
| 260 |
_aSanto Domingo : _bPublicaciones Libertad ; _c2019. |
||
| 300 |
_a127 p. ; _c21 cm. |
||
| 590 | _aInventariado, 2021/BT | ||
| 910 | _aBtavarez | ||
| 942 |
_2ddc _cLBS1 |
||
| 999 |
_c50236 _d50236 |
||